Vlastnosti karboxylátomeďnatých komplexov s ligandami modifikujúcimi vzájomné interakcie komplexných častíc
Gespeichert in:
| 1. Verfasser: | |
|---|---|
| Weitere Verfasser: | |
| Format: | Manuskript Buch |
| Sprache: | Slowakisch |
| Veröffentlicht: |
2016
|
| Schlagworte: | |
| Online-Zugang: | http://is.stuba.sk/zp/portal_zp.pl?podrobnosti=111331 |
| Tags: |
Keine Tags, Fügen Sie das erste Tag hinzu!
|
MARC
| LEADER | 00000ntm a22000003a 4500 | ||
|---|---|---|---|
| 001 | stuzp58184 | ||
| 003 | SK-STU | ||
| 005 | 20160719155506.2 | ||
| 007 | ta | ||
| 008 | 150427s2015----xo-----f-mn---000-0-slo-d | ||
| 040 | |a STU |b slo | ||
| 041 | 0 | |a slo | |
| 100 | 1 | |a Vaisová, Jana |u 042190 |4 aut |U FCHPT Ústav anorganickej chémie, technológie a materiálov |T FCHPT Oddelenie anorganickej chémie |X 65189 |U C2190 |Y 112 |7 65189 | |
| 242 | 0 | 1 | |a Properties of carboxylatocopper(II) complexes with ligands modifying mutual interactions of complex building blocks. |y eng |
| 245 | 1 | 0 | |a Vlastnosti karboxylátomeďnatých komplexov s ligandami modifikujúcimi vzájomné interakcie komplexných častíc |
| 260 | |c 2016 | ||
| 650 | 4 | |a kyseliny metylsalicylové |2 slo | |
| 650 | 4 | |a kyseliny metoxysalicylové |2 slo | |
| 650 | 4 | |a komplexné zlúčeniny medi |2 slo | |
| 650 | 4 | |a superoxiddismutáza |2 slo | |
| 650 | 4 | |a ligand 4-pyridylmetanol |2 slo | |
| 650 | 4 | |a superoxide dismutase |2 eng | |
| 650 | 4 | |a 4-pyridylmethanol ligand |2 eng | |
| 650 | 4 | |a complex copper compounds |2 eng | |
| 650 | 4 | |a methyl salicylic acid |2 eng | |
| 650 | 4 | |a methoxy salicylic acid |2 eng | |
| 700 | 1 | |a Valigura, Dušan |u 042190 |k Z8 |4 ths |U FCHPT Ústav anorganickej chémie, technológie a materiálov |T FCHPT Oddelenie anorganickej chémie |X 3289 |U C2190 |Y 112 |7 A000003289 | |
| 856 | 4 | |u http://is.stuba.sk/zp/portal_zp.pl?podrobnosti=111331 | |
| SQL | |a stuzp58184 |b DBP |c SLO |d Vlastnosti karboxylátomeďnatých komplexov s ligandami modifikujúcimi vzájomné interakcie komplexných častíc |e 65189 |f Vaisová, Jana |g 042190 |h 3289 |i Valigura, Dušan |j 20160712 |k 753 |l 04 |m http://is.stuba.sk/zp/portal_zp.pl?podrobnosti=111331 |n B-CHEMAT |o 4.1.14. chémia, 5.2.18. chemické technológie | ||